000 00298nam a2200133Ia 4500
008 201214s9999 xx 000 0 und d
100 _aRedmayne, Paul and Insull,Thomas
245 0 _aTransport by Sea
260 _aLondon
260 _bJohn Murray
260 _c1971
300 _a48
942 _cBK
999 _c5686
_d5686